|
|
|
|
| LEADER |
00000cam a2200000 c 4500 |
| 001 |
1093625422 |
| 003 |
DE-627 |
| 005 |
20251224220515.0 |
| 007 |
tu |
| 008 |
910319s1979 xx ||||| 00| ||eng c |
| 020 |
|
|
|a 0706907604
|9 0-7069-0760-4
|
| 035 |
|
|
|a (DE-627)1093625422
|
| 035 |
|
|
|a (DE-576)023625422
|
| 035 |
|
|
|a (DE-599)BSZ023625422
|
| 035 |
|
|
|a (OCoLC)1492109025
|
| 035 |
|
|
|a (OCoLC)05834781
|
| 040 |
|
|
|a DE-627
|b ger
|c DE-627
|e rda
|
| 041 |
|
|
|a eng
|
| 082 |
0 |
|
|a 365/.45/0924
|
| 082 |
0 |
|
|a B
|
| 084 |
|
|
|a 6,24
|2 ssgn
|
| 100 |
1 |
|
|a Kumāra, Śāntā
|d 1934-
|e VerfasserIn
|0 (DE-588)139394354
|0 (DE-627)703312308
|0 (DE-576)164763171
|4 aut
|
| 109 |
|
|
|a Kumāra, Śāntā 1934-
|a Kumar, Shanta 1934-
|a Śāntākumāra 1934-
|a Shanta Kumar 1934-
|
| 245 |
1 |
2 |
|a A chief minister's prison diary
|c Shanta Kumar
|
| 264 |
|
1 |
|a New Delhi
|a Bombay
|a Bangalore
|a Calcutta
|a Kanpur
|b Vikas Publ.
|c [1979]
|
| 264 |
|
4 |
|c © 1979
|
| 300 |
|
|
|a vi, 90 Seiten
|
| 336 |
|
|
|a Text
|b txt
|2 rdacontent
|
| 337 |
|
|
|a ohne Hilfsmittel zu benutzen
|b n
|2 rdamedia
|
| 338 |
|
|
|a Band
|b nc
|2 rdacarrier
|
| 583 |
1 |
|
|a Archivierung prüfen
|c 20200919
|f DE-640
|z 2
|2 pdager
|
| 583 |
1 |
|
|a Archivierung/Langzeitarchivierung gewährleistet
|f SSG
|x XA-DE-BW
|2 pdager
|5 DE-21
|
| 583 |
1 |
|
|a Archivierung/Langzeitarchivierung gewährleistet
|f SSG
|x XA-DE-BW
|2 pdager
|5 DE-16-77
|
| 951 |
|
|
|a BO
|
| ELC |
|
|
|b 1
|
| LOK |
|
|
|0 000 xxxxxcx a22 zn 4500
|
| LOK |
|
|
|0 001 2161463446
|
| LOK |
|
|
|0 003 DE-627
|
| LOK |
|
|
|0 004 1093625422
|
| LOK |
|
|
|0 005 20020606000000
|
| LOK |
|
|
|0 008 910319||||||||||||||||ger|||||||
|
| LOK |
|
|
|0 040
|a DE-21
|c DE-627
|d DE-21
|
| LOK |
|
|
|0 852
|a DE-21
|
| LOK |
|
|
|0 852 1
|c KB 10 A 545
|9 00
|
| LOK |
|
|
|0 935
|a krim
|
| LOK |
|
|
|0 936ln
|a k12.9
|
| LOK |
|
|
|0 939
|a 19-03-91
|b l01
|
| ORI |
|
|
|a SA-MARC-krimdoka001.raw
|
| SIG |
|
|
|a UB: KB 10 A 545
|